Vorm van de landen van het WK 2026 - Statistieken

Algemene statistieken
  • Deze quiz is 61 keer genomen
  • De gemiddelde score is 24 van 42
Antwoordstatistieken
Foto Antwoord % Correct
Nederland
96%
Frankrijk
92%
Verenigde Staten
92%
Brazilië
90%
Duitsland
90%
Australië
83%
Engeland
81%
België
77%
Noorwegen
73%
Portugal
71%
Canada
69%
Spanje
69%
Egypte
67%
Oostenrijk
67%
Japan
65%
Kroatië
65%
Marokko
65%
Mexico
65%
Argentinië
60%
Nieuw-Zeeland
58%
Zuid-Afrika
56%
Zwitserland
56%
Schotland
52%
Senegal
52%
Iran
48%
Kaapverdië
48%
Saoedi-Arabië
48%
Algerije
44%
Oezbekistan
42%
Zuid-Korea
40%
Panama
38%
Curaçao
35%
Ghana
35%
Haïti
35%
Jordanië
35%
Tunesië
35%
Colombia
33%
Ecuador
33%
Ivoorkust
33%
Paraguay
31%
Uruguay
31%
Qatar
29%
Geen overeenkomende quizzen gevonden
Scoreverdeling
Procent van Mensen met Elke Score
Percentiel versus Aantal Correcte Antwoorden
Uw Scoregeschiedenis
U heeft deze quiz nog niet genomen